Системный подход к анализу и снижению риска при поисках и разведке месторождений нефти и газа

Podrobná bibliografie
Hlavní autor: Поляков А. А. Андрей Александрович
Shrnutí:В книге отражены основные результаты исследований залежей нефти и газа в качестве сложных природных систем, методические вопросы анализа геологического риска и теоретические основы комплексной интерпретации геолого-геофизических и геохимических данных. Предложена методологическая дельта-система, подразумевающая поэтапное снижение неопределенности и, как следствие, риска при обосновании приоритетных направлений поисково-разведочных работ. Рассмотрены теоретические и практические аспекты комплексирования геолого-геофизических и геохимических методов и видов работ для выбора приоритетных площадей поисково-разведочного бурения и оптимизации размещения глубоких скважин. Книга будет полезна широкому кругу специалистов, занимающихся обоснованием и проведением поисково-разведочных работ на нефть и газ.
Jazyk:ruština
Vydáno: Москва, Институт компьютерных исследований, 2017
Témata:
Médium: MixedMaterials Kniha
KOHA link:https://koha.lib.tpu.ru/cgi-bin/koha/opac-detail.pl?biblionumber=328502

MARC

LEADER 00000nam0a2200000 4500
001 328502
005 20231102004052.0
010 |a 9785434404105 
035 |a (RuTPU)RU\TPU\book\354202 
090 |a 328502 
100 |a 20170220d2017 k y0rusy50 ca 
101 0 |a rus 
102 |a RU 
105 |a a z 001zy 
200 1 |a Системный подход к анализу и снижению риска при поисках и разведке месторождений нефти и газа  |f А. А. Поляков 
210 |a Москва  |a Ижевск  |c Институт компьютерных исследований  |d 2017 
215 |a 116 с.  |c ил. 
320 |a Библиогр.: с. 106-115 
330 |a В книге отражены основные результаты исследований залежей нефти и газа в качестве сложных природных систем, методические вопросы анализа геологического риска и теоретические основы комплексной интерпретации геолого-геофизических и геохимических данных. Предложена методологическая дельта-система, подразумевающая поэтапное снижение неопределенности и, как следствие, риска при обосновании приоритетных направлений поисково-разведочных работ. Рассмотрены теоретические и практические аспекты комплексирования геолого-геофизических и геохимических методов и видов работ для выбора приоритетных площадей поисково-разведочного бурения и оптимизации размещения глубоких скважин. Книга будет полезна широкому кругу специалистов, занимающихся обоснованием и проведением поисково-разведочных работ на нефть и газ. 
606 1 |a Нефтегазоносность  |x Поиски и разведка  |2 stltpush  |3 (RuTPU)RU\TPU\subj\45612  |9 64805 
610 1 |a нефть 
610 1 |a природный газ 
610 1 |a поиски 
610 1 |a разведка 
610 1 |a риски 
610 1 |a геология 
610 1 |a системный анализ 
610 1 |a системный подход 
610 1 |a адресное комплексирование 
675 |a 553.98:550.8  |v 4 
700 1 |a Поляков  |b А. А.  |g Андрей Александрович 
801 1 |a RU  |b 63413507  |c 20170220 
801 2 |a RU  |b 63413507  |c 20191118  |g RCR 
942 |c BK 
959 |a 7/20170502  |d 1  |e 630,00  |f ЧЗТЛ:1